| 000 | 00544ntaaa2200193 4500 | ||
|---|---|---|---|
| 003 | 01 | ||
| 005 | 20251027202726.0 | ||
| 008 | 0714s1973 ag 01 | ||
| 040 |
_aAR-BaBN _bspa _cAR-BaBN _eaacr _dRIC |
||
| 082 | _a645 B95 | ||
| 100 |
_aBurzaco, Raúl H. _927149 |
||
| 245 |
_aInteriores modernos / _cRaúl H. Burzaco |
||
| 260 |
_aBuenos Aires : _bEdit. Contempora, _cc1954 |
||
| 300 | _a110 p. | ||
| 500 | _aProyectos para el hogar | ||
| 500 | _aBAJA PATRIMONIAL POR OBSOLESCENCIA 20190405 | ||
| 650 | _aDiseño de interiores | ||
| 942 | _cBK | ||
| 999 |
_c22498 _d22498 |
||